000 00871nas a2200265Ia 4500
001 A09/R108-31038
003 IT-MiCISF
008 161014c99999999xx |||||||||||| ||und||
040 _aIT-MiCISF
_cIT-MiCISF
041 _aITALIANO
100 _aRossi Raffaello
210 _aIl consulente familiare
222 _aIl consulente familiare
245 0 _aOsservatorio sulla pratica quotidiana dei consulenti coniugali e familiari. La prima raccolta dati
250 _a1a ed.
260 _c2000
501 _bCISF - Centro Internazionale Studi Famiglia - Via Giotto, 36 20145 MILANO (non commercial uses only)
_cCopyright 2016
300 _app. 4-8
362 _an. 1, gennaio-marzo [2000]
500 _a Tema: consulenza, famiglia
650 _aFAMIGLIA - consulenza familiare
_varticolo
700 _aAA.VV.
942 _cCR
957 _71
999 _a31038
_bSi
_g1
_c226344
_d226344